Cidades mais populosas de cada estado do Brasil após as Capitais - Statistics

Estatísticas Gerais
  • Esse quiz foi jogado 248 vezes
  • A pontuação média é 13 de 26
Estatísticas das Respostas
Estado Resposta % Correto
São Paulo Guarulhos
83%
Minas Gerais Uberlândia
79%
Paraná Londrina
75%
Santa Catarina Joinville
74%
Bahia Feira de Santana
71%
Rio de Janeiro São Gonçalo
71%
Paraíba Campina Grande
66%
Rio Grande do Sul Caxias do Sul
64%
Espírito Santo Vila Velha
62%
Rio Grande do Norte Mossoró
56%
Pernambuco Jaboatão dos Guararapes
55%
Maranhão Imperatriz
52%
Goiás Aparecida de Goiânia
49%
Alagoas Arapiraca
49%
Mato Grosso do Sul Dourados
47%
Pará Ananindeua
45%
Acre Cruzeiro do Sul
42%
Rondônia Ji-Paraná
42%
Piauí Parnaíba
39%
Amazonas Parintins
37%
Mato Grosso Várzea Grande
36%
Ceará Caucaia
31%
Tocantins Araguaína
28%
Amapá Santana
24%
Sergipe Nossa Senhora do Socorro
19%
Roraima Rorainópolis
16%
Nenhum quiz correspondente encontrado
Distribuição das Pontuações
Porcentagem de Pessoas com Cada Pontuação
Percentil de Números Respondidos
Sua Pontuação Histórica
Você não jogou esse quiz